| 000 | nam a22 a 4500 | ||
|---|---|---|---|
| 999 |
_c181953 _d181953 |
||
| 003 | BLK | ||
| 005 | 20220531151630.0 | ||
| 008 | 180411b bul|||||r ||||||| ||bul|| | ||
| 010 | _aKNG00190870000 | ||
| 040 | _aBLK | ||
| 041 |
_aBUL _cBUL |
||
| 080 |
_aОбработка под налягане. Пластично формообразуване. Формоизменящи операции(без снемане на стружки). Съединяване на материалите. Технология и оборудване. Вж и 621.9 _b621.7 _x(075.3) _z621.7(075.3) |
||
| 100 | 1 |
_aГеоргиев, Христо Димитров _eпърви автор _9383894 |
|
| 139 |
_aГеоргиев, Христо Димитров и др. _bГ 37 |
||
| 245 | 1 | 0 |
_aОбработка на металите чрез пластична деформация _bУчебник за III и IV курс на техникумите по механотехника, специалност Технология на машиностроенето - ковашкопресово производство и термообработка _cХ. Георгиев, Й. Нанов. |
| 257 | _aBGR | ||
| 260 |
_aСофия _bТехника _c1966 |
||
| 300 |
_a428 с. _bс черт. _c23 см |
||
| 380 | _a62 | ||
| 504 | _aБиблиогр. с. 325. | ||
| 650 | 4 |
_aМетали - обработка - учебници _9271590 |
|
| 653 | _aобработка на метали | ||
| 653 | _aучебници за средни училища | ||
| 700 |
_aНанов, Йордан Георгиев _eсъавт. _9317720 |
||
| 852 |
_aЦб 38793 _bЦб |
||
| 856 | 4 | _qpdf | |
| 856 | 4 | _qpdf | |
| 942 |
_cKNG _n0 _s1 |
||
| 944 |
_aCR _c21.09.2016 _kКамелия_Данева |
||
| 944 |
_aED _c2022-05-31 _kГГГ |
||